ज़मीर अपना-अपना / (Record no. 50147)

MARC details
000 -LEADER
fixed length control field 01180nam a22002657a 4500
005 - DATE AND TIME OF LATEST TRANSACTION
control field 20110127111440.0
008 - FIXED-LENGTH DATA ELEMENTS--GENERAL INFORMATION
fixed length control field 110127t xxu||||| |||| 00| 0 hin d
010 ## - LCCN (DPL NO)
LC control number HIN-91651
020 ## - INTERNATIONAL STANDARD BOOK NUMBER
Terms of availability 75.00
035 ## - SYSTEM CONTROL NUMBER
System control number HN-63997
037 ## - SOURCE OF ACQUISITION
Source of stock number/acquisition DBAD / PUB
040 ## - CATALOGING SOURCE
Original cataloging agency DPL
Language of cataloging HN
082 ## - DEWEY DECIMAL CLASSIFICATION NUMBER
Classification number
100 ## - MAIN ENTRY--PERSONAL NAME
9 (RLIN) 25632
Personal name इन्दिरा शबनम इन्दु
245 ## - TITLE STATEMENT
Title ज़मीर अपना-अपना /
Statement of responsibility, etc इन्दिरा शबनम इन्दु
246 ## - VARYING FORM OF TITLE
Title proper/short title Zammer apna apna
Remainder of title by Indira Shabnam Indu
260 ## - PUBLICATION, DISTRIBUTION, ETC. (IMPRINT)
Place of publication, distribution, etc पुणे
Name of publisher, distributor, etc इन्दिरा शबनम
Date of publication, distribution, etc 2008
270 ## - ADDRESS
Address 9/ब, मयूरबन अपार्टमेंट, 1100, शिवाजीनगर, मॉडेल कॉलनी
City पुणे
Postal code 411016
Telephone number 25671039
300 ## - PHYSICAL DESCRIPTION
Extent 86पृ.
Dimensions 22सेमी (सजिल्द)
650 ## - SUBJECT ADDED ENTRY--TOPICAL TERM
9 (RLIN) 657
Topical term or geographic name as entry element लघु कथाएँ, हिन्दी
650 ## - SUBJECT ADDED ENTRY--TOPICAL TERM
Topical term or geographic name as entry element Hindi Fiction
9 (RLIN) 25656
700 ## - ADDED ENTRY--PERSONAL NAME
9 (RLIN) 25634
942 ## - ADDED ENTRY ELEMENTS (KOHA)
Source of classification or shelving scheme Dewey Decimal Classification
Item type Hindi Books
Classification part
Call number suffix इन्दिरा
Holdings
Withdrawn status Lost status Source of classification or shelving scheme Damaged status Not for loan Collection code Home library Current library Date acquired Source of acquisition Cost, normal purchase price Total Checkouts Full call number Barcode Date last seen Copy number Cost, replacement price Koha item type
    Dewey Decimal Classification   Not For Loan Fiction D.B.Act.Division D.B.Act.Division 27/01/2011 DBAD /PUB 75.00   क इन्दिरा HN-63997 27/01/2011 1 75.00 Hindi Books

© Delhi Public Library
Hit Counter
free hit counter